Normal view
MARC view
- Haroon,Hamza & Kiani,Paras Iftikhar
Entry Personal Name
001 - CONTROL NUMBER
- control field: 4874
003 - CONTROL NUMBER IDENTIFIER
- control field: NUST
005 - DATE AND TIME OF LATEST TRANSACTION
- control field: 20170922131225.0
008 - FIXED-LENGTH DATA ELEMENTS
- fixed length control field: 170922|| aca||aabn | a|a d
040 ## - CATALOGING SOURCE
- Original cataloging agency: NUST
- Transcribing agency: NUST
100 ## - HEADING--PERSONAL NAME
- Personal name: Haroon,Hamza & Kiani,Paras Iftikhar
670 ## - SOURCE DATA FOUND
- Source citation: Work cat.: (NUST): Haroon,Hamza & Kiani,Paras Iftikhar, Impact of climatic shocks on child cognition in ethiopia, 2017
